Αν άλλαζαν όλα : διηγήματα

Αποθηκεύτηκε σε:
Λεπτομέρειες βιβλιογραφικής εγγραφής
Κύριος συγγραφέας: Παπά, Κατίνα 1891-1959
Μορφή: Βιβλίο
Γλώσσα:Greek
Δημοσίευση: [Αθήνα] : Εστία, [1999]
Έκδοση:3η έκδ.
Σειρά:Νεοελληνική λογοτεχνία (Εστία) ; 156
Θέματα:
Ετικέτες: Προσθήκη ετικέτας
Δεν υπάρχουν, Καταχωρήστε ετικέτα πρώτοι!

MARC

LEADER 00000nam a2200000 i 4500
001 1/36974
008 061107s1997 gre d
020 |a 960-05-0875-5 
035 |l 10085958 
040 |a GR-MY-UA  |b gre  |e aacr 
041 0 |a gre 
082 0 |a 889.3  |2 (22) 
100 1 |a Παπά, Κατίνα  |d 1891-1959. 
245 1 0 |a Αν άλλαζαν όλα :  |b διηγήματα /  |c Κατίνας Γ. Παπά 
250 |a 3η έκδ. 
260 |a [Αθήνα] :   |b Εστία,   |c [1999] 
300 |a 190 σ.;  |c 17 εκ. 
490 1 |a Σειρά νεοελληνικής λογοτεχνίας  |v ; 156 
650 0 0 |a Greek fiction. 
830 0 |a Νεοελληνική λογοτεχνία (Εστία)  |v ; 156 
852 |a INST  |b RHODES  |e 20061107  |h 889.3 ΠΑΠ  |p 005400023956  |q 005400023956  |t BK  |y 0 
901 |a BIBL4-2006-3 
909 |a Ρ  |b 127147 
920 |a ΚΕΝΤΡΙΚΗ ΔΡΑΣΗ ΦΥΛΟΥ  |b ΕΠΕΑΕΚ ΙΙ-ΤΕΠΑΕΣ  |y ΡΟΔΟΣ  |z 2006-10 
970 |a ΚΟΖΑ  |b ΜΑΡΙΑ  |z 2006/11/07